Responses for Show #7099 - Thursday, June 25, 2015

Contestants

[<< previous game]

Desta Kimmel, a director of communications from Houston, Texas

Ed Cardoni, a director of a contemporary arts center from Buffalo, New York

Matt Pressman, a graduate student in history from Somerville, Massachusetts (whose 2-day cash winnings total $36,000)

[next game >>]

Jeopardy! Round responses

INDOOR & OUTDOOR CATS
THE WORKING DEAD
BIGGER THAN A BREADBOX
"V"OCABULARY
HUMAN BEHAVIOR
AFRICAN COUNTRY BY AIRPORT
(Alex: We'll give you the airport.)
    $200 26
a cheetah

Matt
    $200 1
Marilyn Monroe

Matt
    $200 17
(Ed: What is violin cello?)
(Desta: What is a bass?)

a double bass

EdDesta
Triple Stumper
    $200 6
(Desta: What's a vegetarian?)

vegan

MattDesta
    $200 9
taste

Matt
    $200 10
Egypt

Matt
    $400 27
Persian

Ed
    $400 2
Michael Jackson

Desta
    $400 18
the Beetle

Desta
    $400 7
(Ed: W--)
(Alex: Oh, it didn't come to you.)

vulgar

EdDesta
    $400 13
segregation

Desta
    $400 11
Somalia

Matt
    $600 3
Elvis

Matt
    $600 19
(Desta: What is the imperial?)

the emperor penguin

MattDesta
    $600 8
Valhalla

Ed
    $600 14
binge drinking

Desta
    $600 12
South Africa

Ed
    $800 4
Schulz

Matt
    $800 22
the Luxor

Matt
    $800 20
Vaudeville

Matt
    $800 15
blackball

Matt
    $800 16
Ethiopia

Ed
    $3,000 28
(Ed: [Sighs])
(Alex: Ed?)
(Ed: [Groans])
(Alex: Say something?)
(Ed: Yeah, what is tiger?)
[The end-of-round signal sounds.]

a lynx

Ed
    $1000 5
Bruce Lee

Matt
    $1000 23
a ping-pong table

Triple Stumper
    $1000 21
(Matt: [Shakes head] What is vittle?)

viand

MattEd
    $1000 25
(Desta: What are manners?)
...
(Alex: ...with a minute to go--less now.)

etiquette

EdDesta
    $1000 24
Morocco

Matt

Scores at the first commercial break (after clue 15):

Matt Ed Desta
$4,400 $800 $1,600

Scores at the end of the Jeopardy! Round:

Matt Ed Desta
$6,800 $800 $200

Double Jeopardy! Round responses

THE DESOLATION OF SMOG
THE END OF THE SOVIET UNION
ETYMOLOGY
"HIGH" PAGE DRIFTERS
HYMN BOOK
HER MOVIE
    $400 16
Los Angeles

Matt
    $400 11
[Alex reads the quote in a Russian accent.]
(Ed: Who is Boris Yeltsin?)
...
(Alex: Yes. And he said it exactly the way I did.)

Gorbachev

EdDesta
    $400 21
an easel

Desta
    $400 6
High Water

Desta
    $400 1
Angelina Jolie

Matt
    $800 17
asthma

Matt
    $800 12
the Politburo

Ed
    $800 22
(Alex: ...with less than a minute to go now.)

a cinema

Matt
    $800 7
(Matt: What are Highly... Successful People?)

Highly Effective People

MattDesta
    $800 2
Katharine Hepburn

Ed
    $1200 18
(Desta: What is Shanghai?)

Beijing

EdDesta
    $2,000 13
the Warsaw Pact

Ed
    $1200 23
(Matt: What is Amazon?)

gorilla

Matt
Triple Stumper
    $1200 8
High Fidelity

Matt
    $1200 3
Kim Basinger

Desta
    $1600 19
formaldehyde

Matt
    $1600 14
(Matt: What is the Confederation of Independent States?)

the Commonwealth of Independent States

Matt
Triple Stumper
    $1600 24
(Desta: What is memento?)

memorabilia

Desta
Triple Stumper
    $1600 9
high fantasy

Triple Stumper
    $1600 4
Greta Garbo

Desta
    $2000 20
(Ed: What is conversion?)

(thermal) inversion

Ed
Triple Stumper
    $2000 15
[Alex interpolates "the letter" before "U" when reading the clue.]

Uzbeks & Ukrainians

Matt
    $800 25
(Matt: What is prismatic?)
[The end-of-round signal sounds.]

iridescent

Matt
    $2000 10
the High Castle

Triple Stumper
    $2000 5
Helen Mirren

Desta

Scores at the end of the Double Jeopardy! Round:

Matt Ed Desta
$9,600 $3,200 $4,200
(lock game)

[wagering suggestions for these scores]

Final Jeopardy! Round responses

POP STARS
(Alex: [To Matt] Thinking of Kinky Boots.)
EdWho is Alicia Keys
$3,000
DestaWho is Bette Midle
$4,000
MattWho is Cyndi Lauper?
$1,100
Cyndi Lauper

Final scores:

Matt Ed Desta
$10,700 $200 $200
3-day champion: $46,700 3rd place: $1,000 2nd place: $2,000

Game dynamics:

Coryat scores:

Matt Ed Desta
$10,400 $5,400 $4,200
21 R,
5 W
(including 1 DD)
10 R
(including 1 DD),
5 W
(including 1 DD)
12 R,
6 W

Combined Coryat: $20,000

[game clues] [game scores] [suggest correction]

Game tape date: Unknown
The J! Archive is created by fans, for fans. Scraping, republication, monetization, and malicious use prohibited; this site may use cookies and collect identifying information. See terms. The Jeopardy! game show and all elements thereof, including but not limited to copyright and trademark thereto, are the property of Jeopardy Productions, Inc. and are protected under law. This website is not affiliated with, sponsored by, or operated by Jeopardy Productions, Inc. Join the discussion at JBoard.tv.